01460nam a2200325 a 4500001001000000003000500010005001700015008004100032010001100073011001100084040000900095090001000104100004500114245018800159260004100347500006000388502008200448590004100530590004000571590004000611650003700651650005800688856007000746901000700816942001000823942000600833999001900839952013600858952014000994000113134CHAP20220329144340.0170428s2016 mx sm |||||||spa d a109595 a110567 cCHAP aTesis1 aSánchez Olguín, Sarai Amalia913205510aRendimiento de maíz (Zea mays) en condiciones actuales y escenarios de cambio climático para el municipio de Ixmiquilpan, Hidalgoh[En línea]cpor Sarai Amalia Sánchez Olguin. aChapingo, Méx. :bEl autor,c2016. aPara ver el contenido del material haga clic en la liga aTesis (Ing. en Recursos Naturales Renovables) -- UACH. Departamento de Suelos aE11695DGDb10c20170428lUCH01h1521 aE5765TAJb05c20170428lUCH01h0921 aE5765TAJb05c20170428lUCH01h092114aMaízxEfecto del clima.97093414aMaízxRendimientoxModelos de simulación.9132056 aFinding aiduhttp://10.13.5.2/tesis/sist113134.pdfzTeclea aquí aBK cTESIS n0 c109595d109595 00104054718TESISaBCbBCd2017-04-28fTESISl0oTesisp33724002536165r2019-12-31 00:00:00w2019-12-31yTESISzRecien adquirido 00102local4053708TESISaBCbBCcPA_TESISd2017-04-28fTESISl0oTesisp33724002536207r2019-12-31 00:00:00tc.2w2019-12-31yTESIS